[Event "Quebec op"]
[Site "Ste-Foy CAN"]
[Date "2017.08.12"]
[Round "1"]
[White "Mikhalevski, Victor"]
[Black "Ouellet, Maili-Jade"]
[Result "1-0"]
[WhiteElo "2533"]
[BlackElo "1982"]
[WhiteFideId "-1"]
[WhiteFideId "-1"]
[PlyCount "45"]
[GameId "2160767908347189"]
[EventDate "2017.08.12"]
[EventType "swiss"]
[EventRounds "9"]
[EventCountry "CAN"]
[SourceTitle "CBM 180 Extra"]
[Source "ChessBase"]
[SourceDate "2017.10.06"]
[SourceVersion "1"]
[SourceVersionDate "2017.10.06"]
[SourceQuality "1"]

1. Nf3 d5 2. g3 Nf6 3. Bg2 e6 4. O-O Be7 5. c4 O-O 6. b3 c5 7. e3 Nc6 8. Bb2 b6 9. Nc3 Bb7 10. cxd5 Nxd5 11. Nxd5 Qxd5 12. d4 Rad8 13. Ne5 Qd6 14. dxc5 Qxc5 15. Nd7 Qg5 16. h4 Qh6 17. Rc1 e5 18. Qg4 Rfe8 19. Rfd1 Rc8 20. Qa4 Red8 21. Nxe5 Rxd1+ 22. Rxd1 a5 23. Bd5 1-0

[Event "Quebec op"]
[Site "Ste-Foy CAN"]
[Date "2017.08.12"]
[Round "1.2"]
[White "Durette, Francis"]
[Black "Sambuev, Bator"]
[Result "0-1"]
[WhiteElo "1971"]
[BlackElo "2522"]
[WhiteFideId "-1"]
[WhiteFideId "-1"]
[PlyCount "100"]
[GameId "2160767908347190"]
[EventDate "2017.08.12"]
[EventType "swiss"]
[EventRounds "9"]
[EventCountry "CAN"]

1. c4 e5 2. Nc3 Nc6 3. g3 g6 4. Bg2 Bg7 5. e4 d6 6. Nge2 h5 7. h3 Be6 8. d3 Qd7 9. Nd5 f5 10. Bg5 Nd8 11. Qd2 Nf7 12. h4 c6 13. Ndc3 Ne7 14. f4 Nxg5 15. fxg5 O-O 16. O-O d5 17. exd5 cxd5 18. c5 d4 19. Nd1 Bd5 20. Bxd5+ Qxd5 21. b4 a5 22. a3 axb4 23. Qxb4 Nc6 24. Qb6 Rf7 25. Nf2 Ra6 26. Qb2 Bf8 27. Rfc1 Bxc5 28. Rc4 Na5 29. Rc2 Rb6 30. Qa2 Qxa2 31. Raxa2 Rc6 32. Kg2 Rfc7 33. Rd2 Kf7 34. a4 Ke6 35. Rdb2 Rb6 36. Rd2 Kd5 37. Rd1 Bd6 38. Nh3 Rb3 39. Kf2 Nc6 40. Nc1 Rb1 41. Rc2 Nb4 42. Rxc7 Bxc7 43. Ke2 Ba5 44. Rg1 Rb2+ 45. Kf1 Nc2 46. Kg2 Ne1+ 47. Kf1 Rb1 48. Ne2 Nf3+ 49. Kf2 Nxg1 50. Nhxg1 Rd1 0-1

[Event "Quebec op"]
[Site "Ste-Foy CAN"]
[Date "2017.08.12"]
[Round "1.12"]
[White "Bleau, John"]
[Black "Soudre, Nicolas"]
[Result "0-1"]
[WhiteElo "1859"]
[BlackElo "2094"]
[WhiteFideId "-1"]
[WhiteFideId "-1"]
[PlyCount "79"]
[GameId "2160767908347191"]
[EventDate "2017.08.12"]
[EventType "swiss"]
[EventRounds "9"]
[EventCountry "CAN"]
[SourceTitle "hb 2017"]

1. d4 e6 2. Nf3 Nf6 3. e3 b6 4. Bd3 Bb7 5. O-O c5 6. b3 Be7 7. Bb2 O-O 8. Nbd2 d5 9. c4 Ne4 10. Qc2 f5 11. Ne5 Nd7 12. Nxd7 Qxd7 13. Nf3 Bd6 14. Rac1 Rac8 15. Qe2 Qe7 16. Ne5 Rf6 17. f3 Ng5 18. f4 Ne4 19. Bxe4 dxe4 20. a3 Rff8 21. Rcd1 Rcd8 22. Bc3 Bxe5 23. dxe5 Rd3 24. Rxd3 exd3 25. Qxd3 Rd8 26. Qe2 Qd7 27. Kf2 Qc6 28. Rg1 Qe4 29. Ke1 g5 30. Bd2 g4 31. Kf2 Rd3 32. Qd1 Rd8 33. Ke1 Qd3 34. Rf1 a5 35. a4 Bxg2 36. Rf2 Bh3 37. Qc1 Qxb3 38. Qc3 Qb1+ 39. Bc1 Qe4 40. Rd2 0-1

[Event "Quebec op"]
[Site "Ste-Foy CAN"]
[Date "2017.08.12"]
[Round "1.15"]
[White "Larochelle, Martial"]
[Black "Bahadi, Khalid"]
[Result "1/2-1/2"]
[WhiteElo "2063"]
[BlackElo "1825"]
[WhiteFideId "-1"]
[WhiteFideId "-1"]
[PlyCount "119"]
[GameId "2160767908347193"]
[EventDate "2017.08.12"]
[EventType "swiss"]
[EventRounds "9"]
[EventCountry "CAN"]

1. d4 Nf6 2. Nf3 g6 3. Bg5 Bg7 4. Nbd2 d6 5. e4 Nc6 6. c3 e5 7. Bb5 exd4 8. cxd4 O-O 9. O-O h6 10. Bh4 g5 11. Bg3 Nh5 12. Nb3 Nxg3 13. hxg3 Bg4 14. Bxc6 bxc6 15. Qc2 Qe8 16. Rac1 Bd7 17. Rfe1 a5 18. e5 a4 19. Nbd2 Qb8 20. Ne4 Ra6 21. Nf6+ Bxf6 22. exf6 Ra5 23. Re7 Bf5 24. Qxc6 Qxb2 25. Rxc7 Qxa2 26. Qxd6 Qe6 27. Qb4 Raa8 28. R7c6 Qb3 29. Qc5 Bg6 30. Nxg5 a3 31. Nf3 a2 32. Rb6 Qa3 33. Qxa3 Rxa3 34. Ra1 Rfa8 35. Nd2 Kf8 36. Nc4 R3a6 37. Rb2 Ke8 38. Nb6 Rb8 39. Nc4 Rxb2 40. Nxb2 Be4 41. Nd1 Ra3 42. f3 Bd5 43. Kf2 Rd3 44. Ke2 Rxd4 45. Ke3 Ra4 46. Nc3 Ra3 47. Kd4 Be6 48. g4 Rb3 49. Nd5 Rb1 50. Rxa2 Rd1+ 51. Ke3 Bxd5 52. Ra7 Rg1 53. Ra5 Be6 54. Rh5 Rxg2 55. Rxh6 Kd7 56. Rh5 Kd6 57. Kf4 Bd5 58. Re5 Bxf3 59. Kxf3 Rxg4 60. Re7 1/2-1/2

[Event "Quebec op"]
[Site "Ste-Foy CAN"]
[Date "2017.08.12"]
[Round "1.16"]
[White "Chevalier, Francois"]
[Black "Gras, Guillaume"]
[Result "0-1"]
[WhiteElo "1779"]
[BlackElo "2061"]
[WhiteFideId "-1"]
[WhiteFideId "-1"]
[PlyCount "84"]
[GameId "2160767908347194"]
[EventDate "2017.08.12"]
[EventType "swiss"]
[EventRounds "9"]
[EventCountry "CAN"]

1. d4 d5 2. Bf4 Nf6 3. e3 g6 4. Nd2 Bg7 5. Ngf3 O-O 6. Be2 Nh5 7. Bg5 c6 8. c3 Nd7 9. O-O h6 10. Bh4 g5 11. Ne1 gxh4 12. Bxh5 e5 13. Nd3 e4 14. Nf4 Qg5 15. Nh3 Qe7 16. Nf4 Nf6 17. Be2 Nh7 18. c4 Be6 19. Qb3 Rad8 20. Rae1 b6 21. cxd5 Bxd5 22. Bc4 Qg5 23. Bxd5 cxd5 24. Nh3 Qe7 25. Rc1 Ng5 26. Nxg5 Qxg5 27. h3 Bxd4 28. exd4 Qxd2 29. Rfd1 Qf4 30. Qe3 Qxe3 31. fxe3 Rc8 32. Kf2 Kg7 33. Ke2 Kg6 34. Kd2 f5 35. Rf1 Rxc1 36. Kxc1 f4 37. exf4 Kf5 38. Kd2 Rg8 39. Rf2 Rg3 40. Ke2 Rd3 41. Rf1 Rxd4 42. Rc1 Rc4 0-1

[Event "Quebec op"]
[Site "Ste-Foy CAN"]
[Date "2017.08.12"]
[Round "1.18"]
[White "Zhong, Kevin"]
[Black "Currie, James"]
[Result "0-1"]
[WhiteElo "2041"]
[BlackElo "1629"]
[WhiteFideId "-1"]
[WhiteFideId "-1"]
[PlyCount "106"]
[GameId "2160767908347195"]
[EventDate "2017.08.12"]
[EventType "swiss"]
[EventRounds "9"]
[EventCountry "CAN"]

1. e4 d5 2. exd5 Nf6 3. d4 Nxd5 4. Nf3 Nc6 5. c4 Nf6 6. d5 Nb8 7. Nc3 e6 8. Bg5 Be7 9. Qd2 c6 10. d6 Qxd6 11. Qc2 Nbd7 12. Bd3 Ne5 13. O-O-O Nxf3 14. gxf3 Nd5 15. Bxe7 Nxe7 16. Kb1 Qc7 17. Rhg1 g6 18. Ne4 Qe5 19. Rg5 Nf5 20. c5 O-O 21. f4 Qg7 22. Rdg1 Rd8 23. Nd6 Nxd6 24. cxd6 Rxd6 25. h4 Qd4 26. R5g3 e5 27. f5 Kf8 28. fxg6 hxg6 29. Bxg6 fxg6 30. Rxg6 e4 31. Rxd6 Qxd6 32. Qxe4 Qd5 33. Qe3 Bf5+ 34. Ka1 Rd8 35. Qh6+ Ke8 36. Qh5+ Ke7 37. Rg7+ Kd6 38. Qh6+ Kc5 39. Qe3+ Qd4 40. Qa3+ Kb6 41. Qb3+ Ka5 42. Qa3+ Kb6 43. Qb3+ Kc5 44. Qa3+ Kd5 45. Qb3+ Kd6 46. Qf3 Ke6 47. Rg1 Rd5 48. Re1+ Kd7 49. Qe2 Kc7 50. Qe7+ Kb6 51. Qe2 Ra5 52. Rd1 Rxa2+ 53. Kxa2 Qa4# 0-1

[Event "Quebec op"]
[Site "Ste-Foy CAN"]
[Date "2017.08.12"]
[Round "1.20"]
[White "Chabot, Michelin"]
[Black "Pare, Marc"]
[Result "0-1"]
[WhiteElo "1585"]
[BlackElo "1984"]
[WhiteFideId "-1"]
[WhiteFideId "-1"]
[PlyCount "67"]
[GameId "2160767908347196"]
[EventDate "2017.08.12"]
[EventType "swiss"]
[EventRounds "9"]
[EventCountry "CAN"]

1. e4 d5 2. exd5 Nf6 3. d4 Nxd5 4. c4 Nb6 5. Be3 g6 6. Nf3 Bg7 7. Nc3 O-O 8. Be2 Bg4 9. h3 Bxf3 10. Bxf3 Nc6 11. c5 Nc4 12. b3 Nxd4 13. Bxd4 Bxd4 14. Qc2 Na3 15. Qc1 c6 16. O-O Nb5 17. Nxb5 Bxa1 18. Qxa1 cxb5 19. Bxb7 Rb8 20. c6 Qb6 21. Rc1 Qc7 22. Qc3 Rfd8 23. Qc5 Rd2 24. Qxa7 Rbd8 25. g3 Rd1+ 26. Rxd1 Rxd1+ 27. Kh2 Qe5 28. c7 Qxc7 29. Qa6 Qe5 30. Bf3 Rd2 31. Qc8+ Kg7 32. Qc1 Qd4 33. Qe1 Rxf2+ 34. Bg2 0-1

[Event "Quebec op"]
[Site "Ste-Foy CAN"]
[Date "2017.08.13"]
[Round "2"]
[White "Soudre, Nicolas"]
[Black "Mikhalevski, Victor"]
[Result "0-1"]
[WhiteElo "2094"]
[BlackElo "2533"]
[WhiteFideId "-1"]
[WhiteFideId "-1"]
[PlyCount "96"]
[GameId "2160767908347198"]
[EventDate "2017.08.12"]
[EventType "swiss"]
[EventRounds "9"]
[EventCountry "CAN"]
[SourceTitle "CBM 180 Extra"]
[Source "ChessBase"]
[SourceDate "2017.10.06"]
[SourceVersion "1"]
[SourceVersionDate "2017.10.06"]
[SourceQuality "1"]

1. e4 c5 2. Nc3 Nc6 3. f4 g6 4. Nf3 Bg7 5. Bb5 Nd4 6. Bd3 d6 7. Nxd4 cxd4 8. Ne2 Nf6 9. c3 dxc3 10. bxc3 O-O 11. O-O b5 12. Rb1 Bb7 13. Ng3 e5 14. fxe5 dxe5 15. Qe2 h5 16. Ba3 Qb6+ 17. Kh1 a6 18. Bxf8 Rxf8 19. Qf2 Qxf2 20. Rxf2 h4 21. Nf1 Nxe4 22. Bxe4 Bxe4 23. Rb4 f5 24. a4 bxa4 25. Rxa4 Bd3 26. Rf3 Rd8 27. Rxd3 Rxd3 28. Rxa6 Kf7 29. Kg1 h3 30. gxh3 f4 31. Kf2 Rxh3 32. Kg2 Rd3 33. Kf2 g5 34. Ke2 Rh3 35. c4 Bf8 36. Rc6 e4 37. c5 Ra3 38. Rc7+ Ke6 39. Rc8 Be7 40. c6 Ra1 41. c7 Rc1 42. Kf2 Kd7 43. Rg8 Kxc7 44. h4 Bc5+ 45. Ne3 gxh4 46. Rg4 h3 47. Rh4 fxe3+ 48. dxe3 h2 0-1

[Event "Quebec op"]
[Site "Ste-Foy CAN"]
[Date "2017.08.13"]
[Round "2.5"]
[White "Currie, James"]
[Black "Perez Rodriguez, Luis Manuel"]
[Result "0-1"]
[WhiteElo "2041"]
[BlackElo "2364"]
[WhiteFideId "-1"]
[WhiteFideId "-1"]
[PlyCount "42"]
[GameId "2160767908347202"]
[EventDate "2017.08.12"]
[EventType "swiss"]
[EventRounds "9"]
[EventCountry "CAN"]

1. e4 e5 2. f4 Qh4+ 3. g3 Qe7 4. Qf3 Nc6 5. c3 f5 6. d4 fxe4 7. Qxe4 Nf6 8. Qe2 exd4 9. Nf3 dxc3 10. Nxc3 d5 11. Ne5 Bf5 12. g4 Nxe5 13. fxe5 Nxg4 14. Bf4 O-O-O 15. O-O-O d4 16. Bg2 Qb4 17. Qf3 dxc3 18. Rxd8+ Kxd8 19. Bg5+ Ke8 20. Qxf5 Qxb2+ 21. Kd1 c2+ 0-1

[Event "Quebec op"]
[Site "Ste-Foy CAN"]
[Date "2017.08.13"]
[Round "2.8"]
[White "Berube, Antoine"]
[Black "Couture, Jonathan"]
[Result "1-0"]
[WhiteElo "2121"]
[BlackElo "1945"]
[WhiteFideId "-1"]
[WhiteFideId "-1"]
[PlyCount "63"]
[GameId "2160767908347204"]
[EventDate "2017.08.12"]
[EventType "swiss"]
[EventRounds "9"]
[EventCountry "CAN"]

1. d4 g6 2. g3 Bg7 3. Bg2 d6 4. Nf3 Nd7 5. O-O c5 6. c4 Ngf6 7. Nc3 O-O 8. b3 Rb8 9. Bb2 a6 10. e4 b5 11. cxb5 axb5 12. Re1 Bb7 13. e5 dxe5 14. dxe5 Ng4 15. Ne4 Ndxe5 16. Nxe5 Nxe5 17. Nxc5 Bxg2 18. Kxg2 Nc6 19. Bxg7 Kxg7 20. Nd7 e6 21. Qd6 Rb7 22. Qxf8+ Qxf8 23. Nxf8 Kxf8 24. a4 Nd4 25. Rab1 bxa4 26. bxa4 Ra7 27. Re4 Nc6 28. Rc4 Ne5 29. Rcb4 Nc6 30. Rb6 Ne7 31. Rb8+ Kg7 32. R8b7 1-0

[Event "Quebec op"]
[Site "Ste-Foy CAN"]
[Date "2017.08.13"]
[Round "2.9"]
[White "Bahadi, Khalid"]
[Black "Perron, Jonathan"]
[Result "1/2-1/2"]
[WhiteElo "1825"]
[BlackElo "2080"]
[WhiteFideId "-1"]
[WhiteFideId "-1"]
[PlyCount "60"]
[GameId "2160767908347205"]
[EventDate "2017.08.12"]
[EventType "swiss"]
[EventRounds "9"]
[EventCountry "CAN"]

1. e4 c5 2. Nf3 e6 3. d4 cxd4 4. Nxd4 a6 5. c4 Nf6 6. Nc3 Qc7 7. Bd3 Nc6 8. Nxc6 dxc6 9. O-O e5 10. h3 Be6 11. Qe2 Bc5 12. Bg5 Nd7 13. Rac1 O-O 14. Nd5 cxd5 15. cxd5 Qb6 16. dxe6 Qxe6 17. Bc4 Qb6 18. Qg4 Nf6 19. Bxf6 Qxf6 20. Qd7 b6 21. Bd5 Rac8 22. Rc3 Qe7 23. Qxe7 Bxe7 24. Rfc1 Rc5 25. Rxc5 Bxc5 26. Kf1 Rd8 27. Ke2 Kf8 28. Kd3 Ke7 29. a3 f6 30. f3 a5 1/2-1/2

[Event "Quebec op"]
[Site "Ste-Foy CAN"]
[Date "2017.08.13"]
[Round "2.10"]
[White "Bluteau, Yvon"]
[Black "Larochelle, Martial"]
[Result "1/2-1/2"]
[WhiteElo "1852"]
[BlackElo "2063"]
[WhiteFideId "-1"]
[WhiteFideId "-1"]
[PlyCount "130"]
[GameId "2160767908347206"]
[EventDate "2017.08.12"]
[EventType "swiss"]
[EventRounds "9"]
[EventCountry "CAN"]

1. Nf3 d5 2. c4 d4 3. d3 Nc6 4. e3 e5 5. Be2 Nf6 6. O-O Be7 7. a3 a5 8. b3 O-O 9. Qc2 h6 10. e4 Nh7 11. Ne1 Bg5 12. Nd2 Qe7 13. Ndf3 Bxc1 14. Qxc1 Nf6 15. Nc2 Nd7 16. g3 Nc5 17. Nd2 f5 18. b4 Na4 19. b5 Nd8 20. Bf3 Nc5 21. Ne1 fxe4 22. Bxe4 Nxe4 23. Nxe4 Bf5 24. f3 Bxe4 25. fxe4 Rxf1+ 26. Kxf1 Ne6 27. Ra2 Rf8+ 28. Rf2 Rxf2+ 29. Kxf2 Qf7+ 30. Kg2 Nc5 31. Qd2 b6 32. Nf3 Qe7 33. Qd1 Nd7 34. Qb3 Kh7 35. Qb2 Nf6 36. Nh4 Ng4 37. Nf5 Qf8 38. h3 Nf6 39. Qc1 g6 40. Nh4 Nh5 41. Qb2 Kg7 42. Qc1 Nf6 43. Qb2 Nd7 44. Nf3 Qd6 45. Qc1 Nc5 46. Ne1 Qe7 47. Qd2 Nd7 48. Qc1 Nc5 49. Qd2 Ne6 50. Qc1 g5 51. Nf3 Qf6 52. Qf1 Nf8 53. Qe2 Qe7 54. Qb2 Ng6 55. Qc1 Nh8 56. Kh2 Nf7 57. Kg2 Nd8 58. Kh2 Qf6 59. Kg2 Ne6 60. Qd1 h5 61. Ne1 h4 62. Qf3 hxg3 63. Qxf6+ Kxf6 64. Kxg3 Nf4 65. h4 gxh4+ 1/2-1/2

[Event "Quebec op"]
[Site "Ste-Foy CAN"]
[Date "2017.08.13"]
[Round "2.11"]
[White "Cossette, Daniel"]
[Black "Mercure, Gilbert"]
[Result "0-1"]
[WhiteElo "2125"]
[BlackElo "1890"]
[WhiteFideId "-1"]
[WhiteFideId "-1"]
[PlyCount "44"]
[GameId "2160767908347207"]
[EventDate "2017.08.12"]
[EventType "swiss"]
[EventRounds "9"]
[EventCountry "CAN"]

1. e4 d5 2. exd5 Nf6 3. c4 c6 4. Nc3 cxd5 5. d4 Nc6 6. Bg5 dxc4 7. Bxc4 Qxd4 8. Qxd4 Nxd4 9. O-O-O e5 10. f4 Bg4 11. Nf3 Nxf3 12. gxf3 Bxf3 13. fxe5 Bxh1 14. exf6 Bf3 15. Re1+ Kd7 16. Re3 Bc6 17. Rd3+ Kc7 18. Bf4+ Kb6 19. Bxf7 gxf6 20. Ne2 Rc8 21. Rb3+ Ka6 22. Rc3 Bb4 0-1

[Event "Quebec op"]
[Site "Ste-Foy CAN"]
[Date "2017.08.13"]
[Round "2.12"]
[White "Ouellet, Maili-Jade"]
[Black "Bleau, John"]
[Result "1-0"]
[WhiteElo "1982"]
[BlackElo "1859"]
[WhiteFideId "-1"]
[WhiteFideId "-1"]
[PlyCount "99"]
[GameId "2160767908347208"]
[EventDate "2017.08.12"]
[EventType "swiss"]
[EventRounds "9"]
[EventCountry "CAN"]

1. d4 d5 2. c4 c6 3. Nf3 Nf6 4. Nc3 e6 5. Bg5 Be7 6. e3 h6 7. Bh4 O-O 8. cxd5 exd5 9. Qc2 Ne8 10. Bg3 Nd7 11. Bd3 Ndf6 12. O-O Bd6 13. Ne5 Nh5 14. Ne2 Nxg3 15. Nxg3 Qe7 16. f4 Nf6 17. Rae1 Qc7 18. Nf5 Bxf5 19. Bxf5 c5 20. Rc1 c4 21. Rf3 Rae8 22. Rh3 Re7 23. g4 Kh8 24. Qf2 Ng8 25. g5 Bxe5 26. fxe5 Qb6 27. Kh1 g6 28. Bg4 h5 29. Rg1 Kg7 30. Bd1 Rc7 31. Rf3 Qe6 32. Rf6 Nxf6 33. gxf6+ Kh7 34. Rg5 Rh8 35. Rxh5+ gxh5 36. Bc2+ Kg8 37. Bf5 Qxf5 38. Qxf5 Rh7 39. e6 fxe6 40. Qxe6+ Rhf7 41. Qxd5 Rc6 42. e4 Rcxf6 43. Qxc4 Rf1+ 44. Kg2 R1f2+ 45. Kg1 Rxb2 46. d5 Rg7+ 47. Kf1 Rf7+ 48. Ke1 Rff2 49. d6+ Kh7 50. d7 1-0

[Event "Quebec op"]
[Site "Ste-Foy CAN"]
[Date "2017.08.13"]
[Round "2.13"]
[White "Halhal, Sami"]
[Black "Durette, Francis"]
[Result "1-0"]
[WhiteElo "1907"]
[BlackElo "1971"]
[WhiteFideId "-1"]
[WhiteFideId "-1"]
[PlyCount "105"]
[GameId "2160767908347209"]
[EventDate "2017.08.12"]
[EventType "swiss"]
[EventRounds "9"]
[EventCountry "CAN"]

1. d4 Nf6 2. Nc3 g6 3. e4 d6 4. Be3 Bg7 5. Be2 c6 6. a3 b5 7. f4 h5 8. h3 Bb7 9. Nf3 a5 10. e5 Nh7 11. O-O Qd7 12. Ne4 O-O 13. Neg5 Nxg5 14. Nxg5 f6 15. Bxh5 gxh5 16. Qxh5 Qf5 17. g4 Qxc2 18. Rac1 Qd3 19. Rc3 Qxf1+ 20. Kxf1 fxg5 21. Qxg5 b4 22. Rc2 Ba6+ 23. Kg1 bxa3 24. bxa3 Ra7 25. h4 Kh7 26. Qh5+ Kg8 27. Qg6 dxe5 28. fxe5 e6 29. h5 Rf3 30. Qxe6+ Raf7 31. Bf2 Bd3 32. Rb2 Nd7 33. g5 Bf5 34. Qxc6 Bg4 35. e6 Re7 36. exd7 Rxd7 37. Rb8+ Rf8 38. Rxf8+ Bxf8 39. h6 Rd6 40. Qe4 Bh5 41. Bg3 Bg6 42. Qe5 Ra6 43. Qd5+ Bf7 44. h7+ Kxh7 45. Qxf7+ Bg7 46. Be5 Rg6 47. Qxg7+ Rxg7 48. Bxg7 Kxg7 49. d5 Kf7 50. d6 a4 51. g6+ Ke8 52. g7 Kf7 53. d7 1-0

[Event "Quebec op"]
[Site "Ste-Foy CAN"]
[Date "2017.08.13"]
[Round "2.14"]
[White "Auger, Bertrand"]
[Black "Chevalier, Francois"]
[Result "1-0"]
[WhiteElo "1969"]
[BlackElo "1779"]
[WhiteFideId "-1"]
[WhiteFideId "-1"]
[PlyCount "113"]
[GameId "2160767908347210"]
[EventDate "2017.08.12"]
[EventType "swiss"]
[EventRounds "9"]
[EventCountry "CAN"]

1. Nf3 Nf6 2. g3 e6 3. Bg2 d5 4. O-O Be7 5. c4 O-O 6. d4 dxc4 7. Nc3 c6 8. Ne5 Nbd7 9. Nxc4 Nb6 10. Ne5 c5 11. dxc5 Bxc5 12. Bg5 h6 13. Bf4 Bd4 14. Nb5 Bxe5 15. Bxe5 Bd7 16. Nd6 Bc6 17. Nxb7 Qxd1 18. Rfxd1 Bxg2 19. Kxg2 Nc4 20. Bxf6 gxf6 21. Rd4 Rab8 22. Rg4+ Kh7 23. Rxc4 Rxb7 24. b3 f5 25. Rac1 Rd8 26. Rc7 Rd7 27. Rxb7 Rxb7 28. Rc5 Kg6 29. h4 h5 30. Kf3 Kf6 31. e4 fxe4+ 32. Kxe4 Rb4+ 33. Ke3 Kg6 34. Rg5+ Kh6 35. Ra5 Rb7 36. Ke4 Rd7 37. f3 Kg6 38. Ra6 Kf6 39. f4 Kg7 40. f5 exf5+ 41. Kxf5 Rd5+ 42. Ke4 Rd7 43. b4 f6 44. a4 Kg6 45. b5 Kg7 46. Kf5 Rf7 47. Rc6 Rd7 48. Rc5 Re7 49. a5 Rb7 50. Ke6 Kg6 51. Kd6 Kh6 52. Kc6 Re7 53. b6 axb6 54. axb6 Re6+ 55. Kb5 Re3 56. b7 Rxg3 57. Rc4 1-0

[Event "Quebec op"]
[Site "Ste-Foy CAN"]
[Date "2017.08.13"]
[Round "2.15"]
[White "Lessard, Claude"]
[Black "Yao, Sammy"]
[Result "0-1"]
[WhiteElo "1872"]
[BlackElo "1965"]
[WhiteFideId "-1"]
[WhiteFideId "-1"]
[PlyCount "62"]
[GameId "2160767908347211"]
[EventDate "2017.08.12"]
[EventType "swiss"]
[EventRounds "9"]
[EventCountry "CAN"]

1. d4 d6 2. Nf3 g6 3. g3 Bg7 4. Bg2 f5 5. h4 Nf6 6. c4 c6 7. Nc3 Na6 8. a3 Rb8 9. Bf4 Nh5 10. Qd2 O-O 11. Rc1 Qe8 12. d5 Nc5 13. Qe3 e5 14. dxe6 Nxf4 15. gxf4 Qxe6 16. Qxe6+ Bxe6 17. Nd2 Bh6 18. b4 Nd7 19. e3 Nb6 20. Ne2 Bg7 21. h5 Rfe8 22. hxg6 hxg6 23. O-O Bb2 24. Rb1 Bxa3 25. Rb3 Nxc4 26. Nb1 Bb2 27. Nd4 Bxd4 28. exd4 a6 29. Rg3 Kg7 30. Nc3 Nb6 31. Nd1 Bc4 0-1

[Event "Quebec op"]
[Site "Ste-Foy CAN"]
[Date "2017.08.13"]
[Round "2.16"]
[White "Trahan, Daniel"]
[Black "Zhong, Kevin"]
[Result "1-0"]
[WhiteElo "1954"]
[BlackElo "1629"]
[WhiteFideId "-1"]
[WhiteFideId "-1"]
[PlyCount "81"]
[GameId "2160767908347212"]
[EventDate "2017.08.12"]
[EventType "swiss"]
[EventRounds "9"]
[EventCountry "CAN"]

1. d4 d5 2. c4 e6 3. Nc3 c5 4. cxd5 cxd4 5. Qa4+ Bd7 6. Qxd4 exd5 7. Qxd5 Nc6 8. Nf3 Nf6 9. Qb3 Bc5 10. Bg5 Na5 11. Qc2 Qb6 12. e3 Nc6 13. a3 Qa5 14. Bc4 h6 15. Bxf6 gxf6 16. O-O Be7 17. Nd5 Rg8 18. b4 Qd8 19. Qh7 Rf8 20. Rfd1 Ne5 21. Nxe5 fxe5 22. Rac1 Rc8 23. Bb3 Rc6 24. Rxc6 bxc6 25. Nxe7 Qxe7 26. Qxh6 a5 27. bxa5 Qxa3 28. Qd6 Qxd6 29. Rxd6 Ke7 30. Rd1 Rb8 31. Bxf7 Bg4 32. f3 Bxf3 33. gxf3 Kxf7 34. a6 Ra8 35. Ra1 Ke6 36. Kf2 c5 37. Ke2 c4 38. Kd2 Kd5 39. Kc3 Kc5 40. a7 Kb5 41. h4 1-0

[Event "Quebec op"]
[Site "Ste-Foy CAN"]
[Date "2017.08.13"]
[Round "2.17"]
[White "Steinberg, Ellis"]
[Black "Bernatchez, Dan"]
[Result "0-1"]
[WhiteElo "1651"]
[BlackElo "1950"]
[WhiteFideId "-1"]
[WhiteFideId "-1"]
[PlyCount "78"]
[GameId "2160767908347213"]
[EventDate "2017.08.12"]
[EventType "swiss"]
[EventRounds "9"]
[EventCountry "CAN"]

1. e4 c5 2. Nf3 Nc6 3. d4 cxd4 4. Nxd4 Nf6 5. Nc3 e5 6. Ndb5 d6 7. Bg5 Be7 8. Bxf6 Bxf6 9. Nd5 O-O 10. Nxf6+ Qxf6 11. Qxd6 Be6 12. Qa3 Rac8 13. Bd3 Qg5 14. g3 a6 15. Nd6 Rc7 16. c3 Rd8 17. Rd1 Rcd7 18. Be2 Qe7 19. Nf5 Qxa3 20. bxa3 Rxd1+ 21. Bxd1 Bxa2 22. O-O Rd3 23. Ba4 b5 24. Rd1 Rxc3 25. Rd2 Bb1 26. Bd1 Bxe4 27. Ne7+ Kf8 28. Nxc6 Bxc6 29. Rc2 Rxc2 30. Bxc2 Ke7 31. Bxh7 g6 32. h4 Kf6 33. h5 Kg7 34. hxg6 fxg6 35. Bxg6 Kxg6 36. f4 e4 37. g4 Bd7 38. f5+ Bxf5 39. gxf5+ Kxf5 0-1

[Event "Quebec op"]
[Site "Ste-Foy CAN"]
[Date "2017.08.13"]
[Round "2.18"]
[White "Arteau, Benoit"]
[Black "Chabot, Michelin"]
[Result "1-0"]
[WhiteElo "1948"]
[BlackElo "1585"]
[WhiteFideId "-1"]
[WhiteFideId "-1"]
[PlyCount "75"]
[GameId "2160767908347214"]
[EventDate "2017.08.12"]
[EventType "swiss"]
[EventRounds "9"]
[EventCountry "CAN"]

1. d4 d5 2. c4 c6 3. e3 Bf5 4. Nc3 e6 5. Nf3 Nf6 6. Bd3 Bg6 7. Ne5 Nbd7 8. Nxg6 hxg6 9. Qb3 dxc4 10. Bxc4 Nb6 11. Be2 Bd6 12. h3 Qc7 13. Bd2 O-O 14. Rc1 a6 15. Bf3 Rad8 16. Ne2 Rfe8 17. Ba5 Nfd7 18. Nc3 Rc8 19. Na4 Qd8 20. Nxb6 Nxb6 21. Bxb6 Bc7 22. Bxc7 Qxc7 23. O-O Qe7 24. Rc5 Rc7 25. Rfc1 Rd7 26. Qc2 Red8 27. a3 Qd6 28. b3 Rc7 29. h4 Qe7 30. g3 Qf6 31. Kg2 Rcd7 32. Qe4 Rd5 33. Qf4 Rf5 34. Rxf5 gxf5 35. Qc7 g5 36. hxg5 Qxg5 37. Rh1 Kg7 38. Qe5+ 1-0

[Event "Quebec op"]
[Site "Ste-Foy CAN"]
[Date "2017.08.13"]
[Round "3"]
[White "Perez Rodriguez, Luis Manuel"]
[Black "Sambuev, Bator"]
[Result "0-1"]
[WhiteElo "2364"]
[BlackElo "2522"]
[WhiteFideId "-1"]
[WhiteFideId "-1"]
[PlyCount "46"]
[GameId "2160767739903460"]
[EventDate "2017.08.12"]
[EventType "swiss"]
[EventRounds "9"]
[EventCountry "CAN"]

1. e4 {[%emt 0:00:00]} d6 2. d4 g6 3. Nf3 Bg7 4. h3 Nd7 5. Bc4 e6 6. O-O Ne7 7. a4 h6 8. Re1 a6 9. a5 O-O 10. Nbd2 d5 11. exd5 exd5 12. Bd3 c5 13. c3 Nc6 14. dxc5 Nxc5 15. Bc2 Be6 16. Nf1 Ne4 17. c4 Nc5 18. cxd5 Qxd5 19. Ra3 Nb4 20. Bb1 Rfd8 21. Qe2 Ncd3 22. Rd1 Nf4 23. Qd2 Ne2+ 0-1

[Event "Quebec op"]
[Site "Ste-Foy CAN"]
[Date "2017.08.13"]
[Round "3"]
[White "Zhong, Kevin"]
[Black "Lessard, Claude"]
[Result "1-0"]
[WhiteElo "1629"]
[BlackElo "1872"]
[WhiteFideId "-1"]
[WhiteFideId "-1"]
[PlyCount "27"]
[GameId "2160767908347219"]
[EventDate "2017.08.12"]
[EventType "swiss"]
[EventRounds "9"]
[EventCountry "CAN"]
[SourceTitle "CBM 180 Extra"]
[Source "ChessBase"]
[SourceDate "2017.10.06"]
[SourceVersion "1"]
[SourceVersionDate "2017.10.06"]
[SourceQuality "1"]

1. e4 g6 2. d4 d6 3. Nc3 Bg7 4. Bg5 c6 5. Qd2 h6 6. Bh4 g5 7. Bg3 Nf6 8. f4 Nh5 9. Be2 Nxf4 10. Bxf4 gxf4 11. O-O-O Qa5 12. Qxf4 Bxd4 13. Rxd4 e5 14. Qf6 1-0

[Event "Quebec op"]
[Site "Ste-Foy CAN"]
[Date "2017.08.13"]
[Round "3.5"]
[White "Sprumont, Oscar"]
[Black "Van Hoolandt, Patrick"]
[Result "1/2-1/2"]
[WhiteElo "2061"]
[BlackElo "2110"]
[WhiteFideId "-1"]
[WhiteFideId "-1"]
[PlyCount "65"]
[GameId "2160767908347220"]
[EventDate "2017.08.12"]
[EventType "swiss"]
[EventRounds "9"]
[EventCountry "CAN"]

1. Nf3 d5 2. c4 e6 3. g3 Nf6 4. Bg2 dxc4 5. Qa4+ c6 6. Qxc4 b5 7. Qc2 Bb7 8. O-O Nbd7 9. d4 c5 10. e3 Rc8 11. dxc5 Bxc5 12. Qe2 a6 13. Nbd2 O-O 14. Nb3 Bd5 15. Nxc5 Rxc5 16. b3 Qb8 17. Bb2 Rfc8 18. Rfc1 Qb7 19. Ne1 Rxc1 20. Rxc1 Rxc1 21. Bxc1 Bxg2 22. Nxg2 Ne5 23. Ne1 Qe4 24. Bb2 Nfd7 25. Qd2 Qd5 26. Qxd5 exd5 27. Kf1 f6 28. Ke2 Kf7 29. Nc2 Nc6 30. Nd4 Nxd4+ 31. Bxd4 Ke6 32. Kd3 Nb8 33. f4 1/2-1/2